00945 2200313 4500001002100000005001500021035002000036007000300056008004100059040002200100082001600122084001800138090002200156090002200178100003500200245007000235300005400305440004300359650002300402700002400425850001200449041001300461264003900474336002100513337003000534338002300564999002200587990002200609INLIS00000000084801120200214012344 a0010-0519001346ta190531s2017 yoia a ind d aYOPDYOGbinderda04223a028.534 a028.534 YUD s aDEP 028.534 YUD s aCB-D.11 2017-31050 aYudhistira Ikranegaraepenulis10aSemangat anak gajah /cYudhistira Ikranegara; editor, Tria Astuti a24 halaman :bilustrasi, gambar berwarna ;c20 cm aSeri dongeng inspiratif dunia binatang 4aBacaan Kanak-kanak0 aTria Astutieeditor aYOPDYOG1 aindheng34aYogyakarta :bLingkar Media,c2017 2rdacontentateks 2rdamediaatanpa perantara 2rdacarrieravolume aCB-D.11/2017-3105 aCB-D.11/2017-3105